World Countries Anagrams #2 - Statistics

General Stats
  • This quiz has been taken 1,076 times
  • The average score is 9 of 16
Answer Stats
Anagram Country % Correct
Key rut Turkey
96%
Main oar Romania
85%
Agar scam ad Madagascar
84%
Rabies Serbia
83%
Moon race Cameroon
80%
Iguana car Nicaragua
69%
Safari bunko Burkina Faso
66%
Rare tie Eritrea
66%
Our hands Honduras
60%
Rent again Argentina
58%
No valise Slovenia
54%
Quiet aerial guano Equatorial Guinea
49%
Lenient ethics Liechtenstein
42%
Oaf haircuts South Africa
23%
Meat riots East Timor
12%
Opinionated campers Sao Tome and Principe
7%
No matching quizzes found
Score Distribution
Percent of People with Each Score
Percentile by Number Answered
Your Score History
You have not taken this quiz